Limen : primer curso de latín /

Guardado en:
Autor Principal: Sanz, Clementino
Formato: Libro
Publicado: Buenos Aires : Estrada, 1951
Materias:
Etiquetas: Agregar Etiqueta
Sin Etiquetas, Sea el primero en etiquetar este registro!
LEADER 00434nam a22001575a 4500
001 CEM.cems005797
005 20060214000000.0
008 130507s1951##################000#0#####d
003 CEMS
082 0 4 |a 470 
100 1 |a Sanz, Clementino 
245 1 0 |a Limen :  |b primer curso de latín / 
260 |a Buenos Aires :  |b Estrada,  |c 1951 
300 |a 229 p. 
653 |a Gramática latina 
859 |a CEMS  |b BIB. CEMS - 11 de abril  |h 470  |i Sa59/I  |p 10614.81  |t Ej.1